000 00488nam a2200181 a 4500
001 1766480580863
003 YourLibrary
005 20251226120325.0
008 251223s2008##################000#0#eng##
020 _a9780521101783
082 0 4 _a270.08
_bBAK
100 1 _aBaker, Derek,
_eauthor.
245 1 0 _aSchism, Heresy and Religious Protest :
260 _bCambridge University Press,
_c2008.
650 0 _aReligion.
942 _cENGLISH
040 _aYourLibrary
_beng
_cYourLibrary
999 _c605076
_d605076